000 00926nam a2200241Ia 4500
001 17751
003 GE_BSU
008 181216s||||||||xx |||||||||||||| ||und||
020 _a9789941448836
040 _cGE_BSU
080 _a634.8(479.22)+632
100 _aჩაჩხიანი, ნუნუ.
245 _aვაზის კულტურის მავნებლები და დაავადებები
245 _bდამხმ-რე სახ-ლო
245 _cრედ.: შაქრო ყანჩაველი.
260 _aქუთაისი
260 _bაკაკი წერეთლის სახ. უნ-ტი
260 _c2014
300 _a184 გვ. ილ. 21სმ.
300 _eბიბლ.გვ.172-178
653 _aვაზის კულტურის მავნებლები და დაავადებები
942 _cBK
999 _c50799
_d50799